000 00371cam a2200145ua 4500
041 _aeng
_h
082 _a823.308
_bHAG/AL
100 _aHaggard, Rider H .
245 _aAllan Quatermain /
_cRider H Haggard.
_hTextual Documents
260 _aLondon :
_bUniversity of London Press Ltd ,
_c1962.
300 _a207 ; .
504 _a
942 _cBK
999 _c5082
_d5082